MARC

LEADER 00000nam0a2200000 4500
001 95071
005 20231031105921.0
035 |a (RuTPU)RU\TPU\book\101823 
090 |a 95071 
100 |a 20060420d1972 km y0rusy50 ca 
101 0 |a rus 
102 |a RU 
105 |a a z 001zy 
200 1 |a Измельчение твердых материалов в химической промышленности  |f И. А. Щупляк 
210 |a Ленинград  |c Химия  |d 1972 
215 |a 61 с.  |c ил. 
225 1 |a Библиотечка рабочего - химика 
320 |a Библиогр.: с. 60. 
610 1 |a химическая промышленность 
610 1 |a твердые материалы 
610 1 |a химия 
610 1 |a дробление 
610 1 |a сыпучие материалы 
610 1 |a классификация 
610 1 |a техника безопасности 
610 1 |a дробилки 
610 1 |a дробильно-измельчительные машины 
610 1 |a дробильное оборудование 
675 |a 66.022  |v 3 
675 |a 621.92  |v 3 
700 1 |a Щупляк  |b И. А.  |g Игорь Алексеевич 
801 1 |a RU  |b 63413507  |c 20060420  |g PSBO 
801 2 |a RU  |b 63413507  |c 20160526  |g PSBO 
942 |c BK